Библиография Победы

“Убежден: опыт солидарности, партнерства в годы борьбы с общей угрозой — это наше бесценное наследие, прочная опора именно сейчас, когда набирает силу необратимое движение к более справедливому многополярному миру, основанному на принципах доверия и неделимой безопасности, равных возможностей для самобытного и свободного развития всех стран и народов.”

В.В. Путин

[1]. Мы победили в семнадцатом | [2]. Мы победим и сейчас! (Запись № 77514)

Подробности
000 -МАРКЕР
контрольное поле 04050nkm0a2200481 4500
001 - ИДЕНТИФИКАТОР ЗАПИСИ
контрольное поле RU\NLR\BIBL_A\011173625
005 - ИДЕНТИФИКАТОР ВЕРСИИ
контрольное поле 20250806204551.0
020 ## - НОМЕР ДОКУМЕНТА В НАЦИОНАЛЬНОЙ БИБЛИОГРАФИИ
Код страны Российская Федерация
Номер 1010 (1941-[XVIII])
Основное заглавие издания Российской книжной палаты Ленинград в Великой Отечественной войне : Печать Ленинграда. 1941-1945 : каталог изд., хранящихся в фондах Гос. Публ. б-ки. Вып. 2. Листовки, плакаты, открытки, альбомы / [сост. И.В. Разова, Ю.А. Фельдман, Е.М. Тепер и др.] ; М-во культуры РСФСР. Гос. Публ. б-ка им. М.Е. Салтыкова-Щедрина. - Ленинград, 1972
020 ## - НОМЕР ДОКУМЕНТА В НАЦИОНАЛЬНОЙ БИБЛИОГРАФИИ
Код страны Российская Федерация
Номер 34
Основное заглавие издания Российской книжной палаты Ленинградские "Окна ТАСС" 1941-1945 : из собрания Отдела эстампов Российской национальной библиотеки : иллюстрированный каталог / Рос. нац. б-ка ; [сост.: М. Ю. Мельникова и др. ; авт. вступ. ст. и биогр. материалов: И. В. Селиванова]. - Санкт-Петербург: Изд-во Российской национальной библиотеки, 2015
035 ## - ДРУГИЕ СИСТЕМНЫЕ НОМЕРА
Идентификатор записи (NLR Aleph) 011173625
100 ## - ДАННЫЕ ОБЩЕЙ ОБРАБОТКИ
Данные общей обработки 20160707d1941 u y0rusy50 ca
101 0# - ЯЗЫК РЕСУРСА
Язык текста, звукозаписи и т.д. русский
102 ## - СТРАНА ПУБЛИКАЦИИ ИЛИ ПРОИЗВОДСТВА
Страна публикации Российская Федерация
116 ## - ПОЛЕ КОДИРОВАННЫХ ДАННЫХ: ИЗОБРАЗИТЕЛЬНЫЕ МАТЕРИАЛЫ
Кодированные данные для изобразительных материалов. hiycvv xx ad
135 ## - ПОЛЕ КОДИРОВАННЫХ ДАННЫХ: ЭЛЕКТРОННЫЕ РЕСУРСЫ
Кодированные данные для электронного ресурса crcn 024anaba
200 1# - ЗАГЛАВИЕ И СВЕДЕНИЯ ОБ ОТВЕТСТВЕННОСТИ
Основное заглавие [1]. Мы победили в семнадцатом
Общее обозначение материала Изоматериал
Основное заглавие [2]. Мы победим и сейчас!
Сведения, относящиеся к заглавию [плакат]
210 ## - ПУБЛИКАЦИЯ, РАСПРОСТРАНЕНИЕ И ДР.
Место издания, распространения и т.д. [Ленинград]
Дата издания, распространения и т.д. 1941
215 ## - ФИЗИЧЕСКАЯ ХАРАКТЕРИСТИКА
Специфическое обозначение материала и объем 2 л.
Другие сведения о физической характеристике тушь, гуашь, трафарет
Размеры 88х62
225 1# - СЕРИЯ
Основное заглавие серии [Окно ТАСС
Наименование части Ленинград]
Обозначение тома 1941
300 ## - ОБЩИЕ ПРИМЕЧАНИЯ
Текст примечания На листе 1 слева монограмма художника М.Б. Ваксера и дата: "МВ 41", слева внизу карандашом: "Рис. М. Ваксер". На листе 2 карандашом: "Худ. М. Ваксер"
325 1# - ПРИМЕЧАНИЕ О КОПИИ
Текст примечания Копия доступна в электронной библиотеке РНБ
517 1# - ДРУГИЕ ВАРИАНТЫ ЗАГЛАВИЯ
Вариант заглавия Мы победили в семнадцатом. Мы победим и сейчас!
606 1# - НАИМЕНОВАНИЕ ТЕМЫ КАК ПРЕДМЕТ
Наименование темы Плакат русский советский
Хронологический подзаголовок 1941 - 1945
Географический подзаголовок Ленинград, город
Код системы nlr-sh2
Идентификатор авторитетной/нормативной записи RU\NLR\AUTH\661571886
606 1# - НАИМЕНОВАНИЕ ТЕМЫ КАК ПРЕДМЕТ
Наименование темы Великая Отечественная война
Хронологический подзаголовок 1941 - 1945
Формальный подзаголовок Плакаты
Код системы nlr-sh1
-- nlr-sh2
Идентификатор авторитетной/нормативной записи RU\NLR\AUTH\668893
606 1# - НАИМЕНОВАНИЕ ТЕМЫ КАК ПРЕДМЕТ
Наименование темы Карикатура русская советская
Формальный подзаголовок Плакаты
Код системы nlr-sh1
-- nlr-sh2
Идентификатор авторитетной/нормативной записи RU\NLR\AUTH\66448
607 ## - ГЕОГРАФИЧЕСКОЕ НАИМЕНОВАНИЕ КАК ПРЕДМЕТ
Географическое наименование Александровская колонна (Санкт-Петербург, город)
Формальный подзаголовок Плакаты
Код системы nlr_sh1
-- nlr_sh2
Идентификатор авторитетной/нормативной записи RU\NLR\AUTH\6631167
686 0# - ИНДЕКСЫ ДРУГИХ КЛАССИФИКАЦИЙ
Индекс Щ153(2Р=Рус)7-466
700 #1 - ИМЯ ЛИЦА - ПЕРВИЧНАЯ ОТВЕТСТВЕННОСТЬ
Начальный элемент ввода Ваксер
Часть имени, кроме начального элемента ввода М. Б.
Даты 1916-1942
Расширение инициалов личного имени Моисей Борисович
Код отношения Карикатурист, Художник
712 02 - НАИМЕНОВАНИЕ ОРГАНИЗАЦИИ - ВТОРИЧНАЯ ОТВЕТСТВЕННОСТЬ
Начальный элемент ввода Телеграфное агентство СССР
Структурное подразделение Редакция военно-оборонного плаката "Окна ТАСС"
Идентификатор авторитетной/нормативной записи RU\NLR\AUTH\8810071442
Код отношения Прочие
712 02 - НАИМЕНОВАНИЕ ОРГАНИЗАЦИИ - ВТОРИЧНАЯ ОТВЕТСТВЕННОСТЬ
Начальный элемент ввода Телеграфное агентство СССР
Структурное подразделение Ленинградское областное отделение
Идентификатор авторитетной/нормативной записи RU\NLR\AUTH\885717
Код отношения Прочие
852 ## - МЕСТОНАХОЖДЕНИЕ И ШИФР ХРАНЕНИЯ
Идентификатор организации NLR
Наименование фонда или коллекции (Sub-Location Identifier) Э
Шифр хранения (Call Number) ПлИр995/ОКТЛ-41
Идентификатор единицы Э029054, Э029055
856 #0 - МЕСТОНАХОЖДЕНИЕ ЭЛЕКТРОННЫХ РЕСУРОВ И ДОСТУП К НИМ
Универсальный идентификатор ресурса (Uniform Resource Identifier) http://vivaldi.nlr.ru/la000010302/view
856 #1 - МЕСТОНАХОЖДЕНИЕ ЭЛЕКТРОННЫХ РЕСУРОВ И ДОСТУП К НИМ
Универсальный идентификатор ресурса (Uniform Resource Identifier) http://vivaldi.nlr.ru/la000010302/cover
856 #2 - МЕСТОНАХОЖДЕНИЕ ЭЛЕКТРОННЫХ РЕСУРОВ И ДОСТУП К НИМ
Универсальный идентификатор ресурса (Uniform Resource Identifier) http://vivaldi.nlr.ru/la000010302/text
901 ## - ДАННЫЕ ОБ ОБЪЕКТЕ ОЦИФРОВКИ
-- Изографические материалы
942 ## - ДОПОЛНИТЕЛЬНЫЕ ЭЛЕМЕНТЫ ЗАПИСИ (АБИС)
Тип экземпляра АБИС Визуальный материал
945 ## - Информацию об издании предоставили:
Полное название организации, предоставившей материал Российская национальная библиотека
980 ## - КОЛЛЕКЦИЯ
Название коллекции Библиография Победы
981 37 - КОЛЛЕКЦИЯ ЭЛЕКТРОННОЙ БИБЛИОТЕКИ
Название коллекции Ленинград в Великой Отечественной войне
981 17 - КОЛЛЕКЦИЯ ЭЛЕКТРОННОЙ БИБЛИОТЕКИ
Название коллекции Изографические материалы
Название подколлекции Плакаты

Нет доступных экземпляров.